000 00500nam a22001697a 4500
999 _c8310
_d8310
008 201112b ||||| |||| 00| 0 eng d
040 _aBMS College of Architecture
100 _aS, Anveksha
245 _aFolk dance center
300 _aNA
500 _a1BM15AT012
502 _8B,Arch
_NBMS College of Architecture, Visvesvaraya Technological University (VTU)
_aProject report
_d2019
650 _aDance
700 _aShanu Raina
_eGuide
700 _aShantesh Kelvekar
_eGuide
942 _2ddc
_cTHE